|
|
|
|
| LEADER |
00000nam a22000007a 4500 |
| 005 |
20190910214533.0 |
| 007 |
cr|||| |||| |
| 008 |
190910s2017 br |||||s|||| 00||0 por d |
| 020 |
|
|
|a 978-85-8085-108-3
|
| 035 |
|
|
|a 30221
|
| 040 |
|
|
|a vLex
|
| 090 |
|
|
|c 9451
|d 9451
|
| 100 |
1 |
|
|a Costa Rosa, Edson
|
| 245 |
1 |
0 |
|a Prt̀ica de direito imobilir̀io
|h [Recurso electrn̤ico] /
|c Edson Costa Rosa
|
| 250 |
|
|
|a 3ra. Edicin̤
|
| 256 |
|
|
|a Servicio en ln̕ea
|
| 260 |
|
|
|a San Pablo:
|b Editora Mundo Jurd̕ico,
|c 2017
|
| 300 |
|
|
|a 1 recurso electrn̤ico
|
| 500 |
|
|
|a Nesta 3ð ediȯ̂ do livro que trata de variados temas importantes do Direito Imobilir̀io com apresentaȯ̂ aos leitores de doutrina fc̀il de compreensô, prt̀ica processual com modelos de peȧs em geral, e por fim, legislaȯ̂ pertinente, podemos tambm̌ destacar no presente trabalho, as inovaė̳s trazidas na Lei nð 13.105/2015 (CÓDIGO DE PROCESSO CIVIL), no que se refere aos requisitos da petiȯ̂ inicial e teoria geral dos recursos que foram acrescentados no livro para auxiliar mais os leitores e enriquecer o trabalho realizado na obra em questô.
|
| 506 |
1 |
|
|a Disponible solo en los productos indicados
|d vLex Global
|d vLex Global (Academic Edition, excluding Law Schools)
|d vLex Global (U.S. Academic Edition, Law Schools)
|d vLex Global (U.S. Academic Edition, excluding Law Schools)
|d vLex Global (Academic Edition, Law Schools)
|
| 650 |
0 |
4 |
|a Derecho Civil
|z Brasil
|
| 740 |
0 |
|
|a vLex Libros (Servicio en ln̕ea)
|
| 856 |
4 |
0 |
|u http://vlex.com/source/pratica-de-direito-imobiliario-3-edi-o-30221
|z Acceso restringido
|
| 942 |
|
|
|c BOOK
|
| 999 |
0 |
|
|a Civil Law
|